000 00888nas a2200301 4500
001 BR2016001129
003 BR-BrBNA
005 20231205130230.0
007 ta
008 230509b bl.|||p| |||| 00| 00por d
040 _aBR-BrBNA
_bpor
_cBiblioteca Nacional de Agricultura
041 _a(Pt)
072 _aF01
100 1 _aSorgato, J.C.
100 1 _aRosa, Y.B.C.J.
100 1 _aSoares, J.S.
100 1 _aPinto, J.V.C.
100 1 _aRosa, D.B.C.J.
245 1 _aLuminosidade e imersão em água na aclimatização intermediária de Dendrobium phalaenopsis
650 _aORCHIDACEAE
650 _aORQUIDEA
650 _aFLORICULTURA
650 _aIMERSAO
650 _aILUMINACAO
773 0 _tHorticultura Brasileira (Brazil)
_xISSN 0102-0536
_g(Jan-Mar 2016), v. 34(1) p. 80-85
_wBR2016001129
909 _a202311
_bLúcia
_c55
_dLúcia Elande
942 _2AGRIS
_n0
_cANA
999 _c248371
_d248371